012080000a22002530004500003000900000005001700009008004100026040002800067041000800095100003100103245024300134246012800377260005000505300003300555502009000588530002200678653002600700653002300726653003100749700004700780700005100827700004300878856003300921EG-GICUC20250223032553.0070324s2002 ua h f m 000 0 eng d aEG-GICUCbengcEG-GICUC0 aEng0 aNahla Hussein Abd El wahab10aEvaluation of the surgical and Non - surgical modalities for management of recurrent horizontal strabismus / cNahla Hussein Abd El wahab ; Supervised Mahmoud Ahmed Heshamt AbouSteit , Mohsen Emad Eldin Salem , Lobna Mohamed Ragab Khazbak15aتقييم الاساليب الجراحية والغير جراحية فى علاج الحول الافقى المرتجع aCairo : bNahla Hussein Abd El wahab , c2002 a188P : bfacsimiles ; c25cm aThesis (PH.D.) - Cairo University - Faculty Of Medicine - Department Of Ophthalmology aIssued also as CD 4aConsecutive exotropia 4aResidual esotropia 4aUndercorrections exotropia0 aLobna Mohamed Ragab Khazbak , eSupervisor0 aMahmoud Ahmed Heshamt AbouSteit , eSupervisor0 aMohsen Emad Eldin Salem , eSupervisor uhttp://172.23.153.220/th.pdf